| 000 | 01114nam a2200313 c 4500 | ||
|---|---|---|---|
| 999 |
_c346035 _d346035 |
||
| 003 | BLK | ||
| 005 | 20221025141352.0 | ||
| 008 | 180911b bul|||||r ||||||| ||bul|| | ||
| 010 | _a001930 | ||
| 040 | _aBLK | ||
| 041 |
_aBUL _cBUL |
||
| 080 | _z886.7-4 | ||
| 080 |
_aИстория на България _b94(497.2) |
||
| 100 |
_aКараславов, Георгий Славов _eпърви автор _9327339 |
||
| 139 |
_aКараславов, Георгий Славов _bК 36 |
||
| 245 | 0 | 0 |
_aКавали свирят : Триптих _cГеорги Караславов |
| 260 |
_aСофия _c1976 _9210040 _bНар. младеж |
||
| 300 |
_a111 с _c21 см |
||
| 380 | _a9 | ||
| 490 |
_aЧастна колекция - Академик Михаил Арнаудов _gДарение - Основен фонд |
||
| 500 | _aАвтограф с текст: На акад. М. Арнаудов с уважение - Г. Караславов 21. 3. 1977 Драгалевци | ||
| 655 |
_aбългарска литература _9482147 |
||
| 762 |
_9409507 _aПослания на времето _bАкад. Михаил Арнаудов - послания и дарствени слова _gАкадемик Михаил Арнаудов е личност със значимо присъствие в българската култура и принос в областта на науката, литературата, фолклора, историята на българското Възраждане, социологията, философията и народопсихологията. Цялото документално и библиотечно наследство на родения в Русе виден учен е национално богатство от изключително значение. Единствено Регионална библиотека „Любен Каравелов“ – Русе притежава колекция от над 1500 книги от личната библиотека на Михаил Арнаудов с автографи, послания и дарствени надписи от български и чужди знакови личности. Зад всеки автограф се крие историята на взаимоотношенията между Академика и неговите съвременници. Тези автографи са неизвестни и неизследвани страници от българското културно наследство. _m1 _nТекст: На акад. М. Арнаудов с уважение – Г. Караславов 21.3.1977 Драгалевци _tАвтограф от Георги Караславов |
||
| 763 | 1 |
_976894 _aКараславов, Георги _d12.01.1904 – 26.01.1980 _gАкад. Георги Караславов е български писател, белетрист и драматург, академик. Започва да публикува през 1919 г. в сп. „К'во – да е“. Първата му книга е „Уличници“, издадена през 1926 г. Някои от произведенията му са конфискувани от полицията – сборниците разкази „Изчадия адови“ (1932), „На два фронта“ (1934), повестта „Селкор“(1933). За нея Караславов е осъден и затворен в Софийския централен затвор. Има обемно и жанрово богато творчество, сред което особено много изпъкват романите „Снаха“ и „Татул“. Романът „Снаха“ излиза през 1942 г. Той е определен за най-висока точка в развитието на българската прогресивна проза преди 9 септември 1944 г. и получава „Лаврова клонка“ от цар Борис III за култура. Георги Караславов участва като доброволец във Втората световна война. Главен секретар и председател на Съюза на българските писатели (1958 – 1962). Удостоен е със званието Герой на социалистическия труд (1959 и 1964) и Герой на България през 1974 г. Носител на орден „Г. Димитров“ (1959, 1964, 1974) и Димитровска награда (1950, 1959). _i409507 _m1 _qГеорги Караславов |
|
| 852 |
_aМА 4883 _bМА |
||
| 852 |
_aЦб 83720 _bЦб |
||
| 856 |
_i0.00 _ldisable |
||
| 942 |
_cKNG _n0 _s1 |
||
| 944 |
_aCR _c1997 _kValK |
||
| 999 | _d346035 | ||
| 999 | _d346035 | ||
| 999 | _d346035 | ||
| 999 | _d346035 | ||
| 999 | _d346035 | ||
| 999 | _d346035 | ||